Loading...
| Literature - European Literature | 0 | 8 | 0 | 1 | 80 | 35 | 77.63 | 5 | 6 |
| Literature - World/Other Literature | 0 | 6 | 2 | 1 | 50 | 68 | 94.00 | 2 | 6 |
| Literature - British Literature | 0 | 5 | 1 | 0 | 45 | 61 | 84.60 | 0 | 4 |
| Science - Biology | 0 | 4 | 0 | 1 | 40 | 62 | 85.00 | 2 | 3 |
| Literature - American Literature | 0 | 4 | 0 | 0 | 40 | 55 | 73.75 | 0 | 3 |
| Fine Arts - Visual Fine Arts | 0 | 4 | 1 | 1 | 35 | 82 | 108.50 | 0 | 0 |
| Mythology | 0 | 4 | 1 | 1 | 35 | 27 | 77.25 | 1 | 1 |
| Fine Arts - Classical Music | 0 | 1 | 0 | 0 | 10 | 135 | 135.00 | 0 | 0 |
| Fine Arts - Other Fine Arts | 0 | 1 | 0 | 0 | 10 | 124 | 124.00 | 0 | 1 |
| History - World History | 0 | 1 | 0 | 0 | 10 | 62 | 62.00 | 0 | 1 |
| Religion | 0 | 1 | 0 | 0 | 10 | 111 | 111.00 | 0 | 1 |
| Science - Chemistry | 0 | 1 | 1 | 0 | 5 | 64 | 64.00 | 1 | 1 |